00860nam a2200265Ia 4500008004100000020001800041050001700059050001700076100002400093245005800117245004500175245002400220260001500244260003000259260000900289300001600298300002000314300001100334500002000345650003900365650002000404650002500424999001900449952012600468160621s9999 xx 000 0 und d a0-19-512159-7 aComSc HC 79  b.I55L83 1999 aLucas, Henry C. Jr. aInformation technology and the productivity paradox : bassessing the value of investing in IT / cHenry C. Lucas, Jr. aNew York : bOxford University Press., c1999 a225 pages : billustrations ; c24 cm. aIncludes index. aInformation technology -- Finance. aRate of return. xCapital investments. c296140d296140 001040aSMCbSMCcComScd2005-09-13g435.00l0oComSc HC 79 .I55L83 1999pSMC02796r2016-06-21 00:00:00w2016-06-21yBK